[Event "Moscow Smyslov-C"]
[Site "Moscow"]
[Date "2025.06.08"]
[Round "7"]
[White "Shevtsov, Demyan"]
[Black "Palchik, Oleg Ig"]
[Result "1/2-1/2"]
[WhiteElo "1770"]
[BlackElo "1767"]
[PlyCount "77"]
[EventDate "2025.06.02"]
[EventType "swiss"]
[EventRounds "8"]
[EventCountry "RUS"]
[SourceTitle "CB29_2025"]
[SourceDate "2025.07.16"]
[SourceVersion "1"]
[SourceVersionDate "2025.07.16"]
[SourceQuality "1"]

1. d4 d5 2. c4 c6 3. Nc3 Nf6 4. e3 e6 5. Nf3 Nbd7 6. Qc2 Bd6 7. Bd3 0-0 8. e4 dxc4 9. Bxc4 e5 10. dxe5 Nxe5 11. Nxe5 Bxe5 12. Bg5 Re8 13. f3 Qc7 14. Bxf6 Bxf6 15. Bd3 Qb6 16. 0-0-0 Be6 17. Kb1 Qb4 18. a3 Qb3 19. Qxb3 Bxb3 20. Bc2 Bxc2+ 21. Kxc2 Rad8 22. f4 Bxc3 23. Kxc3 f6 24. Rd3 Rxd3+ 25. Kxd3 Rd8+ 26. Ke3 Kf7 27. g4 h5 28. gxh5 Rh8 29. Rd1 Ke7 30. Rg1 Kf7 31. f5 Rxh5 32. Rg2 Rh3+ 33. Kd4 Rh4 34. a4 Rh3 35. b4 Rb3 36. Kc4 Re3 37. Kd4 Rb3 38. Kc4 Re3 39. Kd4 1/2-1/2

[Event "Moscow Smyslov-C"]
[Site "Moscow"]
[Date "2025.06.07"]
[Round "6"]
[White "Palchik, Oleg Ig"]
[Black "Saifulov, Gleb"]
[Result "1/2-1/2"]
[WhiteElo "1767"]
[BlackElo "1705"]
[PlyCount "61"]
[EventDate "2025.06.02"]
[EventType "swiss"]
[EventRounds "8"]
[EventCountry "RUS"]
[SourceTitle "CB29_2025"]
[SourceDate "2025.07.16"]
[SourceVersion "1"]
[SourceVersionDate "2025.07.16"]
[SourceQuality "1"]

1. d4 d5 2. c4 e6 3. Nc3 Nf6 4. cxd5 exd5 5. Bg5 c6 6. Qc2 Bd6 7. e3 0-0 8. Bd3 h6 9. Bh4 Re8 10. Nf3 Be6 11. 0-0 Nbd7 12. Rab1 a5 13. a3 Qb8 14. Rfe1 Nh5 15. Bh7+ Kh8 16. Bf5 Ndf6 17. Na4 Ne4 18. Bxe6 Rxe6 19. Nb6 Ra6 20. Nd7 Qe8 21. Nc5 Bxc5 22. dxc5 g5 23. Bg3 Nhxg3 24. hxg3 Rf6 25. Rf1 Qe7 26. b4 axb4 27. axb4 b6 28. Qd3 b5 29. Qd4 Ra2 30. Ra1 Rc2 31. Rac1 1/2-1/2

[Event "Asia-ch U08"]
[Site "Al Ain"]
[Date "2023.12.21"]
[Round "9"]
[White "Anetov, Amirzhan"]
[Black "Palchik, Oleg Ig"]
[Result "1-0"]
[WhiteElo "1511"]
[BlackElo "1188"]
[PlyCount "99"]
[EventDate "2023.12.14"]
[EventType "swiss"]
[EventRounds "9"]
[EventCountry "UAE"]
[SourceTitle "EXT 2025"]
[Source "ChessBase"]
[SourceDate "2024.10.14"]
[SourceVersion "1"]
[SourceVersionDate "2024.10.14"]
[SourceQuality "1"]

1. e4 e5 2. Nf3 Nf6 3. Nc3 Nc6 4. Bb5 Nd4 5. Bc4 Nxf3+ 6. Qxf3 Bc5 7. d3 c6 8. 0-0 d6 9. h3 Be6 10. Bb3 h6 11. Ne2 b5 12. Ng3 a5 13. a4 Bxb3 14. cxb3 g6 15. Be3 Nd7 16. axb5 cxb5 17. Bxc5 Nxc5 18. b4 Nb3 19. bxa5 Nd2 20. Qg4 h5 21. Qe2 Nxf1 22. Nxf1 Rxa5 23. Rc1 Ra7 24. Ne3 0-0 25. Nd5 Qa8 26. Rc3 f5 27. Qe3 fxe4 28. dxe4 Ra1+ 29. Kh2 Kg7 30. Qg5 Ra7 31. Nc7 Rxc7 32. Rxc7+ Rf7 33. Rxf7+ Kxf7 34. f3 Qc8 35. Qd2 Ke7 36. Qd5 Qb8 37. b4 Qe8 38. Qb7+ Qd7 39. Qxd7+ Kxd7 40. Kg3 Ke6 41. Kh4 Kf6 42. g3 Kf7 43. Kg5 Kg7 44. g4 hxg4 45. hxg4 Kf7 46. Kh6 Ke6 47. Kxg6 d5 48. exd5+ Kxd5 49. Kf5 e4 50. fxe4+ 1-0

[Event "Asia-ch U08"]
[Site "Al Ain"]
[Date "2023.12.16"]
[Round "4"]
[White "Palchik, Oleg Ig"]
[Black "Muhammad Shayan, Noushad Ibrahim"]
[Result "0-1"]
[WhiteElo "1188"]
[BlackElo "1618"]
[PlyCount "74"]
[EventDate "2023.12.14"]
[EventType "swiss"]
[EventRounds "9"]
[EventCountry "UAE"]
[SourceTitle "EXT 2025"]
[Source "ChessBase"]
[SourceDate "2024.10.14"]
[SourceVersion "1"]
[SourceVersionDate "2024.10.14"]
[SourceQuality "1"]

1. d4 d5 2. c4 c6 3. cxd5 cxd5 4. Bf4 Nc6 5. e3 Nf6 6. Nc3 Bf5 7. Qb3 Qb6 8. Qxb6 axb6 9. Bb5 e6 10. Nf3 Nd7 11. 0-0 Be7 12. a3 0-0 13. Rfc1 Rfc8 14. h3 Nf6 15. Bh2 Na5 16. Nd2 Nc6 17. f3 Bg6 18. Ne2 Ne8 19. Nf4 Nd6 20. Nxg6 hxg6 21. Bxd6 Bxd6 22. Kf1 e5 23. Nb3 exd4 24. Bxc6 bxc6 25. Nxd4 c5 26. Nb5 Be5 27. Nc3 Rd8 28. Rab1 d4 29. exd4 cxd4 30. Na2 Rac8 31. Nb4 Rxc1+ 32. Rxc1 d3 33. Nc6 Bxb2 34. Rb1 Rd6 35. Ne7+ Kf8 36. Nxg6+ fxg6 37. Rxb2 d2 0-1